00982nam a2200253Ia 4500001001100000003000800011006001900019007001500038008004100053040002100094035002100115050001800136100002900154245008500183260004600268300001100314533015200325650002600477650003900503655002900542710001700571856012500588999001500713ebr5000812CaPaEBRm u cr cn|||||||||010402s2001 vau s 000 0 eng d aCaPaEBRcCaPaEBR a(OCoLC)69414774714aB1290b2001eb1 aLocke, John,d1632-1704.13aAn essay concerning human understandingh[electronic resource] /cby John Locke. a[Blacksburg, VA] :bVirginia Tech,c2001. a444 p. aElectronic reproduction.bPalo Alto, Calif. :cebrary,d2010.nAvailable via World Wide Web.nAccess may be limited to ebrary affiliated libraries. 0aKnowledge, Theory of. 0aPhilosophy, Englishy18th century. 7aElectronic books.2local2 aebrary, Inc.40uhttp://site.ebrary.com/lib/rucke/Doc?id=5000812zAn electronic book accessible through the World Wide Web; click to view c2992d2992